| 000 | 01345nam2a2200289 4500 | ||
|---|---|---|---|
| 001 | RU\NLR\BIBL_A\010973210 | ||
| 005 | 20250624204532.0 | ||
| 010 |
_a978-5-904780-58-6 _91000 |
||
| 021 |
_aRU _b2016-1684 _9104 |
||
| 035 | _a(NLR Aleph) 010973210 | ||
| 090 |
_a10834258 _c10834258 |
||
| 100 | _a20160208d2000 |||y0rusy50 ca | ||
| 101 | 0 | _arus | |
| 102 | _aRU | ||
| 105 | _ay|||e||||00yy | ||
| 200 | 1 | _aА - Б | |
| 210 |
_d2000 _aБ. м. |
||
| 215 | _a398, [1] с. | ||
| 320 | _aБиблиогр.: с. 18-24 и в подстроч. примеч. | ||
| 461 | 0 |
_1001RU\NLR\BIBL_A\011003529 _12000#$aЭтимологический словарь тувинского языка$fБ.И. Татаринцев$gотв. ред. к.филол.н. Д.А. Монгуш$gИн-т гуманит. исслед. Респ. Тыва$vТ. 1 _1700#1$aТатаринцев$bБ. И.$gБорис Исакович$4070 _910979881 _aТатаринцев, Б. И. _cНовосибирск _d2000 _e[2-е изд., доп.] _fБ.И. Татаринцев _nНаука _tЭтимологический словарь тувинского языка _vТ. 1 |
|
| 852 |
_aNLR _bОНЛ _jТув./3-1134 |
||
| 852 |
_aNLR _bОНЛ _jМК-25151 |
||
| 942 | _cBOOK | ||
| 980 | _aNB | ||